Movies That Shouldn't be Shown on Planes Quiz Stats

 Plays Quiz Updated Nov 8, 2017

Score 0/20 Timer 05:00
2 Plays Today
movie % Correct
Snakes on a Plane
93%
Cast Away
89.4%
Airplane!
83.8%
The Incredibles
80.1%
Air Force One
71.7%
Con Air
68%
Flight
67.3%
The Terminal
66.3%
The Dark Knight Rises
64.9%
Fight Club
63.8%
movie % Correct
Knight and Day
48.4%
The Hindenburg
33.9%
Die Hard 2
33.5%
Six Days, Seven Nights
32.5%
Flight Plan
30.6%
Twilight Zone: The Movie
25.9%
Airport
25.1%
United 93
19.3%
Alive
14.8%
The Adventures of Tintin
12.3%

You're not logged in!

Compare scores with friends on all Sporcle quizzes.
OR
Log In

Sporcle TV

Today on Sporcle TV


Watch our educational content, quiz creation guides, and fun videos on Sporcle TV.

Show Comments

Extras

Top Quizzes Today


Score Distribution

Your Account Isn't Verified!

In order to create a playlist on Sporcle, you need to verify the email address you used during registration. Go to your Sporcle Settings to finish the process.

Report this User

Report this user for behavior that violates our Community Guidelines.

Details: